000 00475nam a2200181Ia 4500
001 8006
005 20260306160537.0
008 260306t2003||||xx |||||||||||||| ||spa||
041 _aESP
082 _a370.012
_bS21
100 _aSandín Esteban, M.ª Paz
_eAUT
245 0 _aInvestigación cualitativa en educación:
_bfundamentos y tradiciones
260 _c2003
300 _axix, 258 páginas :
_c24 cm.
650 _aGEN
654 _aCED
942 _cLIB
_dJUS
_fJUS
_2ddc
_n
999 _c8006
_d8006